[Event "Wch Seniors 08th"]
[Site "Grieskirchen"]
[Date "1998.11.19"]
[Round "9"]
[White "Ueksti, Enn"]
[Black "Cantwell, Richard"]
[Result "1-0"]
[WhiteElo "2088"]
[BlackElo "2032"]
[PlyCount "200"]
[EventDate "1998.11.08"]
[EventType "swiss"]
[EventRounds "11"]
[EventCountry "AUT"]
[SourceTitle "CBM 067 Extra"]
[Source "ChessBase"]
[SourceDate "1999.01.01"]
[SourceVersion "1"]
[SourceVersionDate "1999.01.01"]
[SourceQuality "1"]

1. c4 c5 2. Nf3 Nf6 3. g3 Nc6 4. Bg2 d5 5. cxd5 Nxd5 6. Nc3 Nc7 7. 0-0 e6 8. d3 Be7 9. b3 0-0 10. Bb2 Rb8 11. Rc1 b6 12. Ne4 f5 13. Ned2 Bf6 14. Qc2 Nb4 15. Qb1 Bb7 16. a3 Nc6 17. Nc4 Nd4 18. Bxd4 cxd4 19. e3 dxe3 20. fxe3 Nd5 21. Rfe1 b5 22. Nce5 Qd6 23. d4 Rfc8 24. Rc5 Nc3 25. Rxc8+ Rxc8 26. Qb2 Ne4 27. Rc1 Rxc1+ 28. Qxc1 Be7 29. b4 g5 30. Nd2 a5 31. Nxe4 fxe4 32. Qc5 axb4 33. axb4 Kg7 34. Bf1 Ba6 35. Be2 Kf6 36. Nc6 Qc7 37. Nxe7 Qxc5 38. Ng8+ Kg7 39. dxc5 Kxg8 40. c6 Kf7 41. c7 Ke7 42. Bxb5 Bc8 43. Bc6 Kd6 44. Bxe4 h6 45. Kf2 Kxc7 46. Bd3 Bb7 47. Ke2 Kd6 48. Kd2 Bd5 49. Kc3 e5 50. Bg6 Be6 51. Be4 Bf7 52. Bd3 Be6 53. Bc4 Bd7 54. Kd3 Bf5+ 55. e4 Bd7 56. Ke3 Be8 57. Bd5 Bg6 58. Kd3 Bh5 59. Kc4 Be2+ 60. Kb3 Bb5 61. Bc4 Be8 62. h4 Bd7 63. Kc3 Be8 64. Kd3 Bd7 65. hxg5 hxg5 66. Ke3 Be8 67. Kf3 Bh5+ 68. Kg2 Bg4 69. Kf2 Bh5 70. Be2 Bf7 71. Kg2 Be8 72. Ba6 Kc6 73. Bc8 Kb5 74. Kh3 Bh5 75. Bg4 Be8 76. Be2+ Kxb4 77. Kg4 Kc5 78. Kxg5 Kd4 79. Bf3 Bc6 80. Kf5 Bd7+ 81. Kg5 Ke3 82. Bh1 Kf2 83. Kh4 Bb5 84. g4 Be2 85. Kh3 Kg1 86. Bg2 Kf2 87. g5 Bh5 88. Bh1 Kg1 89. Bg2 Kf2 90. Kh4 Bg6 91. Bh1 Kg1 92. Bf3 Kf2 93. Kg4 Ke3 94. Kg3 Bh7 95. Bh1 Bg6 96. Kg4 Kf2 97. Bf3 Ke3 98. Kg3 Bh7 99. Kg4 Bg6 100. Bd1 Bxe4 1-0

[Event "Wch Seniors 08th"]
[Site "Grieskirchen"]
[Date "1998.11.13"]
[Round "5"]
[White "Cantwell, Richard"]
[Black "Hocevar, Nikola"]
[Result "0-1"]
[WhiteElo "2032"]
[BlackElo "2211"]
[PlyCount "70"]
[EventDate "1998.11.08"]
[EventType "swiss"]
[EventRounds "11"]
[EventCountry "AUT"]
[SourceTitle "CBM 067 Extra"]
[Source "ChessBase"]
[SourceDate "1999.01.01"]
[SourceVersion "1"]
[SourceVersionDate "1999.01.01"]
[SourceQuality "1"]

1. e4 c5 2. Nf3 Nc6 3. d4 cxd4 4. Nxd4 g6 5. Nc3 Bg7 6. Nde2 d6 7. g3 Nf6 8. Bg2 Bd7 9. 0-0 0-0 10. h3 Rb8 11. a4 a6 12. Be3 Ne5 13. b3 Qc8 14. Kh2 Neg4+ 15. hxg4 Nxg4+ 16. Kh1 Nxe3 17. fxe3 Bxc3 18. Rb1 Bg7 19. Nf4 Qc3 20. Nd5 Qe5 21. c4 e6 22. Nf4 Bc6 23. Nd3 Qg5 24. Qe1 Bh6 25. Nf4 e5 26. Nd5 Bxd5 27. exd5 Qxe3 28. Qxe3 Bxe3 29. Rf3 Bd4 30. g4 Kg7 31. Bh3 f6 32. Rbf1 b6 33. Rb1 Kh6 34. Kg2 Kg5 35. Rbf1 Rbe8 0-1

[Event "Wch Seniors 08th"]
[Site "Grieskirchen"]
[Date "1998.11.12"]
[Round "4"]
[White "Grassmehl, Gerhard"]
[Black "Cantwell, Richard"]
[Result "0-1"]
[WhiteElo "1725"]
[BlackElo "2032"]
[PlyCount "78"]
[EventDate "1998.11.08"]
[EventType "swiss"]
[EventRounds "11"]
[EventCountry "AUT"]
[SourceTitle "CBM 067 Extra"]
[Source "ChessBase"]
[SourceDate "1999.01.01"]
[SourceVersion "1"]
[SourceVersionDate "1999.01.01"]
[SourceQuality "1"]

1. d4 d5 2. c4 e6 3. Nf3 c6 4. Nc3 f5 5. cxd5 exd5 6. Bf4 Nf6 7. h3 Be7 8. e3 0-0 9. Bd3 Ne4 10. Qc2 Nd7 11. Ne5 Nxe5 12. Bxe5 Be6 13. 0-0 Bd6 14. Bxd6 Nxd6 15. f3 Qf6 16. Qf2 Rae8 17. Ne2 Re7 18. Nc3 Rfe8 19. Qc2 Bd7 20. Nd1 g6 21. Re1 f4 22. e4 Qxd4+ 23. Nf2 dxe4 24. fxe4 Qf6 25. Kh1 Nf5 26. Bc4+ Kg7 27. e5 Rxe5 28. Rxe5 Qxe5 29. Rd1 Bc8 30. Nd3 Qd4 31. Nf2 Qe3 32. Nd3 Kh6 33. Qc3 f3 34. g4 Ng3+ 35. Kh2 f2 36. g5+ Kxg5 37. h4+ Kh6 38. Qf6 Nf1+ 39. Rxf1 Qh3# 0-1